Every AFC Championship Winner’s Score - Statistics

General Stats
  • This quiz has been taken 5 times
  • The average score is 52 of 55
Answer Stats
Season and Team Score % Correct
Pittsburgh Steelers, 1975 16
100%
Baltimore Ravens, 2000 16
100%
San Diego Chargers, 1994 17
100%
Kansas City Chiefs, 2023 17
100%
Denver Broncos, 1977 20
100%
Pittsburgh Steelers, 1995 20
100%
New England Patriots, 1996 20
100%
Denver Broncos, 2015 20
100%
Miami Dolphins, 1971 21
100%
Miami Dolphins, 1972 21
100%
Cincinnati Bengals, 1988 21
100%
New England Patriots, 2007 21
100%
Denver Broncos, 1986 23
100%
Denver Broncos, 1998 23
100%
Pittsburgh Steelers, 2008 23
100%
New England Patriots, 2011 23
100%
Kansas City Chiefs, 2022 23
100%
Pittsburgh Steelers, 1974 24
100%
Oakland Raiders, 1976 24
100%
Denver Broncos, 1997 24
100%
New England Patriots, 2001 24
100%
New England Patriots, 2003 24
100%
Pittsburgh Steelers, 2010 24
100%
New England Patriots, 2017 24
100%
Baltimore Colts, 1970 27
100%
Miami Dolphins, 1973 27
100%
Pittsburgh Steelers, 1979 27
100%
Cincinnati Bengals, 1981 27
100%
Cincinnati Bengals, 2021 27
100%
Baltimore Ravens, 2012 28
100%
Los Angeles Raiders, 1983 30
100%
Buffalo Bills, 1993 30
100%
New England Patriots, 2009 30
100%
Denver Broncos, 1987 38
100%
Indianapolis Colts, 2006 38
100%
Kansas City Chiefs, 2020 38
100%
Oakland Raiders, 2002 41
100%
New England Patriots, 2004 41
100%
Miami Dolphins, 1984 45
100%
New England Patriots, 2014 45
100%
Denver Broncos, 2013 26
80%
Buffalo Bills, 1992 29
80%
New England Patriots, 1985 31
80%
Kansas City Chiefs, 2024 32
80%
Tennessee Titans, 1999 33
80%
Pittsburgh Steelers, 1978 34
80%
Oakland Raiders, 1980 34
80%
Pittsburgh Steelers, 2005 34
80%
Kansas City Chiefs, 2019 35
80%
New England Patriots, 2016 36
80%
Denver Broncos, 1989 37
80%
New England Patriots, 2018 37
80%
Buffalo Bills, 1990 51
80%
Buffalo Bills, 1991 10
60%
Miami Dolphins, 1982 14
60%
No matching quizzes found
Score Distribution
Percent of People with Each Score
Percentile by Number Answered
Your Score History
You have not taken this quiz